=LDR 00000nam 2200000 4500 =001 INLIS000000000015980 =005 20200720014224 =035 ##$$a 0010-061300000015980 =008 200720################g##########0#ind## =041 ##$$a Ind =082 ##$$a 2x6 =090 ##$$a 2x6, Wah i =100 ##$$a Wahid, Abu =245 1#$$a Islam di tengah pergaulan sosial /$c Abd. Wahid =260 ##$$a Yogyakarta :$b Tiara Wacana Yogya,$c 1993 =300 ##$$a x, 143 hlm. ; $c 19 x 12 cm. =650 #4$$a Islam-Sosial =850 ##$$a NBPNMAT =020 ##$$a 979-8120-51-5 =084 ##$$a 2x6 WAH i =250 ##$$a cet.1 =990 ##$$a DW00029659 =990 ##$$a 69.300/pro94 =990 ##$$a 69.302/pro94 =990 ##$$a 112.703/pro97 =990 ##$$a 69.301/pro-94 =990 ##$$a 69.300/pro-94 =990 ##$$a DW00029659 =990 ##$$a 69.302/pro94 =990 ##$$a 112.703/pro97 =990 ##$$a 69.301/pro-94